| 000 | 00971cam a22002895a 4500 | ||
|---|---|---|---|
| 001 | 18182292 | ||
| 005 | 20201128024156.0 | ||
| 008 | 140609s2015 enk b 001 0 eng | ||
| 020 | _a9780415841429 | ||
| 040 |
_aDLC _beng _cDLC _dDLC _dEG-ScBUE |
||
| 082 | 0 | 4 |
_222 _a320 _bJAC |
| 100 | 1 |
_aJackson, Nigel A. _933843 |
|
| 245 | 1 | 0 |
_aPolitics : _bthe basics / _cNigel A. Jackson and Stephen D. Tansey. |
| 250 | _a5th ed. | ||
| 260 |
_aOxon ; _aNew York : _bRoutledge / Taylor & Francis Group, _c2015. |
||
| 300 |
_axvi, 268 p. ; _c21 cm. |
||
| 490 | 0 | _aThe Basics | |
| 500 | _aStephen D. Tansey was the first listed author of the previous four editions. | ||
| 504 | _aIncludes bibliographical references and index. | ||
| 650 | 7 |
_aPolitical science. _2BUEsh _91313 |
|
| 650 | 7 |
_aPolitical development. _2BUEsh _936960 |
|
| 651 | _2BUEsh | ||
| 653 |
_bBUSBOL _cOctober2017 |
||
| 655 |
_vText book _933728 |
||
| 700 | 1 |
_aTansey, Stephen D., _d1942- _933841 |
|
| 942 | _2ddc | ||
| 999 |
_c25465 _d25437 |
||